Dessin animée - Statistiques

Statistiques générales
  • Ce quiz a été pris 27 fois
  • Le résultat moyen est 8 sur 16
Statistiques - réponses
Par images Réponse % Correct
Buzz l'Éclair
100%
Donald Duck
84%
Mickey Mouse
84%
Dingo
80%
Minnie Mouse
80%
Daisy Duck
72%
Riri Fifi Et Loulou
72%
Tic et Tac
68%
Sid
40%
Zig Zag
40%
Pat Hibulaire
24%
Clarabelle
20%
Shenzi
20%
Zira
12%
Jojo et Michou Mouse
0%
Mr spell
0%
Aucun quiz correspondant
Distribution des résultats
% des personnes avec chaque résultat
Percentile par nombre de réponses
Votre historique - résultats
Vous n’avez pas pris ce quiz